banner-ar

عالم القصة / (Record no. 37931)

MARC details
000 -الفاتح
حقل البيانات ثابتة الطول 00462nam a2200157Ia 4500
008 - عناصر البيانات ثابتة الطول - معلومات عامة
حقل البيانات ثابتة الطول 140319s9999 xx 000 0 ara d
040 ## - مصدر الفهرسة
وكالة الفهرسة الأصلية GCL /
وكالة النسخ GCL
082 04 - رقم تصنيف ديوى العشرى
رقم التصنيف 801.953
رقم المادة ف ع
100 1# - المدخل الرئيسى - إسم شخصى
الإسم الشخصى محمد مصطفى هدارة
245 10 - بيان العنوان
العنوان عالم القصة /
بيان المسئوليه,etc محمد مصطفى هدارة
700 1# - المدخل الاضافى - اسم شخصى
الإسم الشخصى دى فوتو، برنار
260 ## - PUBLICATION, DISTRIBUTION, ETC. (IMPRINT)
تاريخ النشر أو التوزيع 1969
300 ## - الوصف المادى
التعداد 294 ص
490 ## - بيان السلسلة
عنوان السلسلة
260 ## - PUBLICATION, DISTRIBUTION, ETC. (IMPRINT)
-- القاهرة :
-- عالم الكتب الحديث ،
Holdings
حالة التراجع حالة الفقد حالة تلف ليس للاعارة المكان المؤقت الموقع الحالى تاريخ الاكتساب اجمالي اﻻعارات رقم الطلب الباركود تاريخ اخر مشاهدة تاريخ تفعيل السعر نوع وعاء كوها
        مكتبة القاهرة الكبرى مكتبة القاهرة الكبرى 03/26/2014   801.953\ف ع 92692 03/26/2014 03/26/2014 كتاب
        مكتبة القاهرة الكبرى مكتبة القاهرة الكبرى 03/26/2014   801.953\ف ع 92693 03/26/2014 03/26/2014 كتاب

Powered By

EGPV